000 01365nam a2200301 c 4500
003 BLK
005 20180422102504.0
008 180408b bul|||||r ||||||| ||bul||
010 _aKNG00066450000
020 _a954-323-078-1
_bиздат.: Авангард Прима
040 _aBLK
041 _aBUL
_cBUL
080 _aРуска литература
_b821.161.1
_x-22
_z821.161.1-22
100 1 _aОстровски, Александър Николаевич
_eпърви автор
_9290647
700 1 _aЛюбенов, Любен
_eпрев. от рус.
_gПрангов, Любен Георгиев
_9363992
139 _aОстровски, Александър Николаевич
_bО 87
245 1 0 _aНа оживеното място
_bКомедия в 3 д.
_cАлександър Николаевич Островски; прев. от рус. Любен Любенов.
257 _aRUS
260 София
_bАвангард Прима
_c2005
300 _a54 с.
_c15 см
380 _aX
500 _aОриг. загл. На бойком месте / А. Н. Островский. - Любен Любенов - псевд. на прев. Любен Георгиев Прангов
852 _aЦб І 32051
856 4 _qpdf
_u
856 4 _qpdf
_u
942 _cKNG
_n0
944 _aCR
_c19.06.2006
_kЦветанка_Енчева
944 _aED
_c27.06.2006
_k
999 _c62238
_d62238